Jóvenes scouts y francmasones adultos / (Record no. 181300)

MARC details
000 -LEADER
campo de control de longitud fija 00983nam a2200277 i 4500
001 - NÚMERO DE CONTROL
campo de control 181300
003 - IDENTIFICADOR DE NÚMERO DE CONTROL
campo de control ES-MaACL
005 - FECHA Y HORA DE LA ÚLTIMA TRANSACCIÓN
campo de control 20250814054355.0
008 - DATOS DE LONGITUD FIJA--INFORMACIÓN GENERAL
campo de control de longitud fija 121207s2010 sp | |||||||| | spa d
020 ## - NÚMERO INTERNACIONAL ESTÁNDAR DEL LIBRO
Número Internacional Estándar del Libro 978-84-89841-81-9
080 ## - NÚMERO DE LA CLASIFICACIÓN DECIMAL UNIVERSAL
Número de la Clasificación Decimal Universal 061.236.6
080 ## - NÚMERO DE LA CLASIFICACIÓN DECIMAL UNIVERSAL
Número de la Clasificación Decimal Universal 061.213
100 1# - ENTRADA PRINCIPAL--NOMBRE DE PERSONA
Nombre de persona Mohedano, Fabián (
Fechas asociadas al nombre 1975-)
9 (RLIN) 151923
245 10 - MENCIÓN DEL TÍTULO
Título Jóvenes scouts y francmasones adultos /
Mención de responsabilidad, etc. Fabian Mohedano, Joan-Francesc Pont ; prólogo de Ignacio Merino ; epílogo de "Mowgly".
260 ## - PUBLICACIÓN, DISTRIBUCIÓN, ETC.
Lugar de publicación, distribución, etc. Barcelona :
Nombre del editor, distribuidor, etc. Fundación Francisco Ferrer Guardia ;
Lugar de publicación, distribución, etc. Calella [Barcelona] :
Nombre del editor, distribuidor, etc. Clavell,
Fecha de publicación, distribución, etc. 2010 [i.e. 2011]
300 ## - DESCRIPCIÓN FÍSICA
Extensión 134 p. ;
Dimensiones 23 cm.
490 1# - MENCIÓN DE SERIE
Mención de serie Acacia ;
Designación de volumen o secuencia 7
504 ## - NOTA DE BIBLIOGRAFÍA, ETC.
Nota de bibliografía, etc. Bibliografía: p. 129-134.
610 24 - PUNTO DE ACCESO ADICIONAL DE MATERIA--NOMBRE DE ENTIDAD CORPORATIVA
Nombre de entidad corporativa o nombre de jurisdicción como elemento de entrada Masonería
9 (RLIN) 5658
650 #4 - PUNTO DE ACCESO ADICIONAL DE MATERIA--TÉRMINO DE MATERIA
Término de materia o nombre geográfico como elemento de entrada Boy scouts.
9 (RLIN) 151924
700 1# - ENTRADA AGREGADA--NOMBRE PERSONAL
Nombre de persona Pont Clemente, Joan Francesc.
9 (RLIN) 138939
830 0# - PUNTO DE ACCESO ADICIONAL DE SERIE-TÍTULO UNIFORME
Título uniforme Acacia ;
Designación de volumen o secuencia 7
9 (RLIN) 224717
852 ## - LOCALIZACIÓN
Ubicación ES-MaACL
Número de control de estantería A-12351
itemnumber 188184
Sublocalización o colección R.148293
Ubicación en estantería Depósito 1
942 ## - ELEMENTOS DE ENTRADA SECUNDARIOS (KOHA)
Fuente del sistema de clasificación o colocación Clasificación decimal universal
Tipo de ítem Koha Libro impreso
Holdings
Estatus retirado Estado de pérdida Fuente del sistema de clasificación o colocación Estado de daño No para préstamo Biblioteca de origen Biblioteca actual Ubicación en estantería Fecha de adquisición Fuente de adquisición Total de préstamos Signatura topográfica completa Código de barras Visto por última vez Precio de reemplazo Tipo de ítem Koha
    Clasificación decimal universal     Biblioteca del Ateneo de Madrid Biblioteca del Ateneo de Madrid Depósito 1 07/12/2012 Donación   A-12351 1190523 23/02/2023 23/02/2023 Libro impreso